000 00306nam a2200145Ia 4500
100 _aBose/B.K
942 _cBK
654 _apower electronics
245 _aModern Power Electronics
260 _bJaico Pub
_aBombay
_c2001
082 _a621.381
_bBOS
300 _a595
546 _aENGLISH
999 _c29784
_d29784